Italian Language Relatives - Statistics

General Stats
  • This quiz has been taken 107 times
    50 since last reset
  • The average score is 20 of 23
Answer Stats
Hint Answer % Correct
cousin female cugina
100%
cousin male cugino
100%
daughter figlia
100%
son figlio
100%
brother fratello
100%
husband marito
100%
grandmother nonna
100%
grandfather nonno
100%
relative relativo
100%
sister sorella
100%
fiance fidanzata
91%
parent genitore
91%
wife moglie
91%
aunt zia
91%
uncle zio
91%
brother in law cognato
82%
grandchild nipote
82%
step father patrigno
82%
mother in law suocera
82%
sister in law cognata
73%
step mother matrigna
73%
father in law suocero
64%
spouse coniuge
45%
No matching quizzes found
Score Distribution
Percent of People with Each Score
Percentile by Number Answered
Your Score History
You have not taken this quiz since the last reset